Tomás de Aquino : Circunstancia y biografía / Joaquín Llanos Entrepueblos, Selección y adaptación de textos (Registro nro. 32722)
[ vista simple ]
| 000 -LÍDER | |
|---|---|
| Campo fijo de descripción fija | 012420000a22001930004500 |
| 041 0# - CÓDIGO DE IDIOMA | |
| Código de idioma para texto/pista de sonido o título separado | |
| 082 04 - NÚMERO DE CLASIFICACIÓN DECIMAL DEWEY | |
| Número de clasificación | G 189.4 L7914f |
| 001 - NÚMERO DE CONTROL | |
| Campo de control | 1399 |
| 245 10 - TÍTULO | |
| Título del Material | Tomás de Aquino : Circunstancia y biografía / Joaquín Llanos Entrepueblos, Selección y adaptación de textos |
| 250 ## - MENCIÓN DE EDICIÓN | |
| Mención de edición | 2 |
| 260 ## - PUBLICACIÓN, DISTRIBUCIÓN, ETC. (PIE DE IMPRENTA) | |
| Lugar de publicación, distribución, etc. | Bogotá, Colombia : Univ. Santo Tomás |
| 300 ## - DESCRIPCIÓN FÍSICA | |
| Extensión | 154 Pag. |
| 336 ## - CONTENT TYPE | |
| Content type term | texto |
| Content type code | txt |
| Source | rdacontent |
| 337 ## - MEDIA TYPE | |
| Source | rdamedia |
| Media type term | sin mediación |
| Media type code | n |
| 338 ## - CARRIER TYPE | |
| Source | rdacarrier |
| Carrier type term | volumen |
| Carrier type code | nc |
| 505 00 - NOTA DE CONTENIDO | |
| Nota de contenido con formato preestablecido | emperadores, papas y oligarcas en torno a su cuna -- los monjes pretenden domesticarlo -- del campo a la cuidad -- en la cuidad de Nápoles -- ingreso al gremio universitario -- opción social y religiosa con botas militares al fondo -- de la prisión a la universidad de Paris -- por tierras de Alemania con Alberto de Colonia -- profesor novel en la agitada universidad de Paris -- profesor caminante Italia -- de nuevo profesor en Paris -- vuelta su universidad de origen en Nápoles -- las sumas y las características de la síntesis tomista -- actitudes en la personalidad de Tomás de Aquino |
| 650 14 - ASIENTO SECUNDARIO DE MATERIA - TERMINO TEMÁTICO | |
| Término temático o nombre geográfico como elemento de entrada | TOMAS DE AQUIINO, SANTO, 1225-1274 \ FILOSOFOS CRISTIANOS - BIOGRAFIAS \ TEOLOGOS - BIOGRAFIAS \ SANTOS - BIOGRAFIAS |
| 942 ## - TIPO DE MATERIAL (KOHA) | |
| Tipo de Item KOHA | Libros General |
| Estado de Material | Estado de Perdido | Estado de Dañado | No para Préstamo | Colección | Tomo | Biblioteca de Origen | Biblioteca Permanente | Fecha de Adquisición | Total de Préstamos | Total de Renovaciones | Signatura Topográfica | Código de Barras | Última vez visto | Última vez Préstado | Ejemplar/Existencia | Fecha de Remplazo | Tipo de Material |
|---|---|---|---|---|---|---|---|---|---|---|---|---|---|---|---|---|---|
| Colección General | Biblioteca FUSBC | Biblioteca FUSBC | 15/10/2004 | 1 | 1 | G 189.4 L7914f | 13791 | 26/10/2021 | 05/10/2021 | 1 | 26/01/2016 | Libros General |
